| 000 | 00835nam a2200253 i 4500 | ||
|---|---|---|---|
| 001 | 38724 | ||
| 003 | ES-MaACL | ||
| 005 | 20250819165239.0 | ||
| 007 | t| | ||
| 008 | 140121s2002 sp ||||1| spa d | ||
| 020 | _a84-8191-503-3 | ||
| 080 | _a321.6 | ||
| 100 | 1 |
_aZizek, Slavoj. _9144135 |
|
| 245 | 1 | 1 |
_a¿Quién dijo totalitarismo? _b: cinco intervenciones sobre el (mal)uso de una noción / _cSlavoj Zizek ; traducción de Antonio Gimeno Cuspinera. |
| 250 | _a1ª ed. | ||
| 260 |
_aValencia : _bPre-Textos, _c2002. |
||
| 300 |
_a299 p. ; _c19 cm. |
||
| 490 | 1 |
_aPre-textos ; _v611. Ensayo |
|
| 650 | 0 | 7 |
_aTotalitarismo _2embne _917571 |
| 700 | 0 |
_aGimeno Cuspinera, Antonio. _957088 |
|
| 830 | 0 |
_aPre-textos ; _v611. Ensayo _9178641 |
|
| 852 |
_aES-MaACL _jL-29928 _z.- Donat. Miguel A. Velasco |
||
| 999 |
_c38724 _d38724 |
||